000
00277nam a22001337a 4500
008
181023b xxu||||| |||| 00| 0 eng d
020
_a
0899084176
041
_a
eng
080
_a
316
100
_a
50
101
_a
SOC
245
_a
Euthanasa
_c
Bender,D.L
942
_2
udc
_c
BK
999
_c
50671
_d
50671